Afrique de l'Ouest - Carte Quiz - Statistiques

Statistiques générales
  • Ce quiz a été pris 43 939 fois
  • Le résultat moyen est 12 sur 16
Réponses sur la Carte
Les réponses sont colorées sur une échelle allant du rouge au vert en fonction du pourcentage des utilisateurs qui les ont devinées à leur premier essai. Vous pouvez retrouver ces pourcentages ci-dessous.
 
Statistiques - réponses
Réponse % Correct
Mali
89%
Mauritanie
87%
Cap-Vert
83%
Nigeria
83%
Niger
80%
Sénégal
80%
Côte d'Ivoire
75%
Togo
75%
Burkina Faso
73%
Gambie
70%
Ghana
64%
Guinée-Bissau
64%
Sierra Leone
63%
Guinée
62%
Bénin
59%
Liberia
59%
Aucun quiz correspondant
Distribution des résultats
% des personnes avec chaque résultat
Percentile par nombre de réponses
Votre historique - résultats
Vous n’avez pas pris ce quiz